000 00493nam a2200157Ia 4500
008 170221s9999 xx 000 0 und d
100 _aDorothy Wai-sim Lau
245 _aRemediating the Star Body: Donnie Yen’s Kung Fu Persona in Hypermedia
245 _cDorothy Wai-sim Lau
260 _bStudies in Media and Communication
260 _c2016
300 _a4 : 2
650 _xCommunication
650 _xMedia Arts
856 _uhttp://redfame.com/journal/index.php/smc/issue/view/74
999 _c306877
_d306877